00329 a2200145 450000100060000002000150000604000240002110000190004524000320006424500270009630000070012336200090013044000130013965000310015269985 a8526241397 cAnchieta - Itaigara aPalaoro, V. J.10aVira-lata, sim senhor!lpor10aVira-lata, sim senhor! a720 a2004 1aScipione 4aLiteratura infanto-juvenil